00942nam a22002417a 45000010005000000030006000050050017000110080041000280200015000690400029000840500017001130820011001301000017001412450085001582600045002433000049002885050008003375200225003455210029005705210020005996500049006197000032006688059FISKH20250820094545.0250820b cb ||||| |||| 00| 0 eng d a0816711666 aFISKHbengcFISKHdFISKH a PN1992 .F74 a384.55 aFreed, Carol aLet's visit a television station /cby Carol Freed : Photograph by Larry French  aNew Jersey :bTroll Associates , c1988. a32 pages : bcolor illustrations ;c23 cm .  aK  aReveals the many behind-the-scenes activities involved in producing television programs for the viewing audience and describes briefly the work of the news editor, lighting technicians, director, camera crew, and others.8 a510 bLexile estimate 8 aK bRaz-Plus  aTelevision broadcastingvJuvenile Literature aFrench, LarryeIllustrator